| 000 | 00712 a2200229 4500 | ||
|---|---|---|---|
| 005 | 20260413125426.0 | ||
| 008 | 260413b |||||||| |||| 00| 0 eng d | ||
| 020 | _a9789381029381 (hbk) | ||
| 037 | _cTB | ||
| 040 |
_aCRL _cCRL |
||
| 041 |
_2URD _aURD |
||
| 084 |
_aO168,3N62x Q1 _qCRL |
||
| 100 |
_aZauqi, Musharraf Alam _91115687 |
||
| 245 | _aEk anjane khauf ki reharsal | ||
| 260 |
_aDelhi, India: _bArshia Publications, _c2011. |
||
| 300 | _a378p. | ||
| 365 |
_b300.00 _cINR |
||
| 650 | _aUrdu Literature | ||
| 650 | _aUrdu Fiction | ||
| 942 |
_cTB _2CC _hO168,3N62x Q1 |
||
| 999 |
_c1679601 _d1679601 |
||